LEADER 02511nam 22006133 450 001 9911046715803321 005 20240907060232.0 010 $a9782140316630 010 $a2140316630 035 $a(CKB)4100000012903523 035 $a(VLeBooks)9782140316647 035 $a(MiAaPQ)EBC31644052 035 $a(Au-PeEL)EBL31644052 035 $a(OCoLC)1379199344 035 $a(FR-PaCSA)88943886 035 $a(FRCYB88943886)88943886 035 $a(Perlego)4175077 035 $a(EXLCZ)994100000012903523 100 $a20240907d2023 uy 0 101 0 $afre 135 $aurcnu|||||||| 181 $ctxt$2rdacontent 182 $cc$2rdamedia 183 $acr$2rdacarrier 200 10$aAbolition du Franc CFA $eLa Renaissance du Panafricanisme 205 $a1st ed. 210 1$aParis :$cEditions L'Harmattan,$d2023. 210 4$d©2023. 215 $a1 online resource (1 p.) 225 $aPoints de vue 311 08$a9782140316647 311 08$a2140316649 311 08$a9782140316623 311 08$a2140316622 330 $aEn aout 2017 a Dakar, le president d'Urgences Panafricanistes, Kemi Seba, brule un billet de 5 000 francs CFA. Quelques mois plus tard, l'Eco est adopte en remplacement du franc CFA, dans un premier temps par les pays de l'Union Economique et Monetaire Ouest-Africaine (UEMOA), ouvrant alors le debat houleux de son adoption par ceux de la Communaute Economique des Etats d'Afrique de l'Ouest (CEDEAO). La vie politique des pays dits francophones de la sous-region vibre depuis au rythme de la mobilisation du Front anti-CFA : une monnaie denoncee comme le bras financier de la servitude economique des Etats de la zone franc. Cet ouvrage analyse les ressorts de ce mouvement, son impact sur l'action publique communautaire et esquisse une evaluation des effets de la mobilisation historique du Front anti-CFA. 410 0$aPoints de Vue Series 606 $aFrench franc area 606 $aFranc, CFA 606 $aMonetary policy$zAfrica, French-speaking 606 $aPan-Africanism 607 $aAfrica, French-speaking$xEconomic conditions 615 0$aFrench franc area. 615 0$aFranc, CFA. 615 0$aMonetary policy 615 0$aPan-Africanism. 700 $aMama$b Wuldath$01861979 701 $aHouessou$b Yélindo P$01861980 801 0$bMiAaPQ 801 1$bMiAaPQ 801 2$bMiAaPQ 906 $aBOOK 912 $a9911046715803321 996 $aAbolition du Franc CFA$94468216 997 $aUNINA